000 00975cam a22002652 4500
001 18541
003 BD-RjUL
005 20211209000311.0
008 140220s1927 nyuch 001 0 eng
035 _a(BD-RjUL)18599
040 _aDLC
_cFHM
_dOCL
_dEQO
_dBD-RjUL
_beng
041 _aeng
082 _a822.33
_bTAP
100 1 _aTannenbaum, Samuel A.
_q(Samuel Aaron),
_d1874?-1948.
_957144
245 1 0 _aProblems in Shakespeare's penmanship :
_bincluding a study of the poets will /
_c Samuel A. Tannenbaum.
260 _aNew York :
_bThe Century co. for the Modern language association of America,
_c1927.
300 _axvi, 241 p. :
_bincl. front. (port.) facsims. (3 fold. in pocket) ;
_c23 cm.
504 _aIncludes index.
600 1 0 _aShakespeare, William,
_d1564-1616
_957152
600 1 0 _aShakespeare, William,
_d1564-1616
_xWill.
_957153
710 2 _aModern Language Association of America.
_957147
942 _2ddc
_cBK
999 _c18541
_d18541